Normal view
MARC view
- Industrial Biotechnology
Entry Uniform Title
001 - CONTROL NUMBER
- control field: 13958
003 - CONTROL NUMBER IDENTIFIER
- control field: NUST
005 - DATE AND TIME OF LATEST TRANSACTION
- control field: 20190326054634.0
008 - FIXED-LENGTH DATA ELEMENTS
- fixed length control field: 190326|| aca||aabn | a|a d
040 ## - CATALOGING SOURCE
- Original cataloging agency: NUST
- Transcribing agency: NUST
130 ## - HEADING--UNIFORM TITLE
- Uniform title: Industrial Biotechnology
- Title of a work: Hepatitis C
670 ## - SOURCE DATA FOUND
- Source citation: Work cat.: (NUST): Ayesha Obaid-sup-Dr. Amjad Ali 13957, Th-PhD-Computational model based dynamics of the innate and adaptive immune response systems during Hepatitis C virus infection , 2018
